00602 2200121 4500001002100000005001500021035002000036245024600056110006500302300002600367260008100393020000600474INLIS00000000000219820260423080215 a0010-04260000291 aLaporan Tahunan 2024 Pusat Standardisasi Instrumen Peternakan dan Kesehatan Hewan :bTransformasi Standardisasi Dalam Meningkatkan Kualitas Sektor Peternakan dan Kesehatan Hewan /cPusat Standardisasi Instrumen Peternakan dan Kesehatan Hewan2 aPusat Standardisasi Instrumen Peternakan dan Kesehatan Hewan b40 hlm.; ilus.; 30 cm aBogor :bPusat Standardisasi Instrumen Peternakan dan Kesehatan Hewan,c2025 a-